000 00788nam a22002537a 4500
001 56413
003 UA-OsUOA
005 20210511224933.0
007 ta
008 20081024b un ||||| |||| 00| 0 ukr d
020 _a9789668770449
040 _aUA-OsUOA
_bukr
_cUA-OsUOA
_dUA-OsUOA
041 _aukr
080 _a821.161.2-1
090 _a821.161.2-1
_bВ31
100 _aВербич В.
245 _aІнею видиво світанкове
_bвибрані вірші, прозопоетичні візії
260 _aЛуцьк
_bТвердиння
_c2007
300 _a224 с.
650 7 _a82 Література. Літературознавство
_2UDC
942 _cBK
_2udc
955 _a3
999 _c342507
_d342507